00573nam a2200169 i 450000100060000000300090000600500170001500700030003200800410003510000220007624501580009826000570025630000280031365000150034170000220035685200250037864929ES-MaACL20230906165246.0t|040107s1906 fr ||||1| fre d1 aFournier, Alfred.10aTraité de la syphilis / cpar le Professeur Alfred Fournier ; rédigé d'après l'enseignement de l'Hôpital Saint-Louis par le Dr Edmond Fournier. aParis : bJ. Rueff, c1906 (eCorbeil : fCrété) a2 t. en 4 v. ; c25 cm.04aSífilis.1 aFournier, Edmond. aES-MaACLjB-12096-99